Zabezpečte si vo firme IT dáta prevencia je základ

Zavedenie Európskej smernice GDPR z pohľadu IT systémov vo firmách. Softvérové nástroje, ktoré sú najčastejšie využívané vo firmách na slovenskom trhu.

Guardado en:
Detalles Bibliográficos
Autor principal: Peško, Dušan
Formato: Capítulo de libro
Lenguaje:eslovaco
Materias:
Etiquetas: Agregar Etiqueta
Sin Etiquetas, Sea el primero en etiquetar este registro!

MARC

LEADER 00000naa a2200000 4500
001 0247629
005 20180912105204.9
041 0 |a slo 
044 |a SK 
245 1 0 |a Zabezpečte si vo firme IT dáta  |b prevencia je základ  |c Dušan Peško 
520 |a Zavedenie Európskej smernice GDPR z pohľadu IT systémov vo firmách. Softvérové nástroje, ktoré sú najčastejšie využívané vo firmách na slovenskom trhu. 
610 2 0 |a ochrana dát 
610 2 0 |a ochrana informácií 
610 2 0 |a firmy 
610 2 0 |a smernice 
610 2 0 |a Európska únia 
610 2 0 |a systémy informačné 
610 2 0 |a bezpečnosť informačná 
610 2 0 |a bezpečnosť kybernetická 
100 1 |a Peško, Dušan